People who were Major Party Presidential Candidates the Most Times - Statistics

General Stats
  • This quiz has been taken 64 times
  • The average score is 6 of 8
Answer Stats
Years Person % Correct
1932, 1936, 1940, 1944 Franklin Roosevelt
95%
2016, 2020, 2024 Donald Trump
91%
1960, 1968, 1972 Richard Nixon
90%
1796, 1800, 1804 Thomas Jefferson
79%
1884, 1888, 1892 Grover Cleveland
74%
1824, 1828, 1832 Andrew Jackson
71%
1896, 1900, 1908 William Jennings Bryan
66%
1824, 1832, 1844 Henry Clay
53%
No matching quizzes found
Score Distribution
Percent of People with Each Score
Percentile by Number Answered
Your Score History
You have not taken this quiz